Normal view MARC view

Entry Personal Name

Number of records used in: 1

001 - CONTROL NUMBER

  • control field: 19760

003 - CONTROL NUMBER IDENTIFIER

  • control field: OSt

005 - DATE AND TIME OF LATEST TRANSACTION

  • control field: 20211122111648.0

008 - FIXED-LENGTH DATA ELEMENTS

  • fixed length control field: 211122|| aca||aabn | a|a d

040 ## - CATALOGING SOURCE

  • Original cataloging agency: OSt
  • Transcribing agency: OSt

100 ## - HEADING--PERSONAL NAME

  • Personal name: Angell, Bobbi,
  • Dates associated with a name: 1955-

670 ## - SOURCE DATA FOUND

  • Source citation: Work cat.: (OSt)19453: Holmgren, Noel H. 19757, Botanical illustration:, 1986.